Ginecología en la infancia y en la adolescencia / (Record no. 81354)

MARC details
000 -LEADER
campo de control de longitud fija 00607nam a2200181 i 4500
001 - NÚMERO DE CONTROL
campo de control 81354
003 - IDENTIFICADOR DE NÚMERO DE CONTROL
campo de control ES-MaACL
005 - FECHA Y HORA DE LA ÚLTIMA TRANSACCIÓN
campo de control 20230906174424.0
007 - CAMPO FIJO DE DESCRIPCIÓN FÍSICA--INFORMACIÓN GENERAL
campo de control de longitud fija t|
008 - DATOS DE LONGITUD FIJA--INFORMACIÓN GENERAL
campo de control de longitud fija 041104s1971 sp ||||1| spa d
100 1# - ENTRADA PRINCIPAL--NOMBRE DE PERSONA
Nombre de persona Huffman, John W.
9 (RLIN) 64598
245 10 - MENCIÓN DEL TÍTULO
Título Ginecología en la infancia y en la adolescencia /
Mención de responsabilidad, etc. John W. Huffman ; [versión Alfredo Gallart Catalá y Oriol Gamissans Olivé].
260 ## - PUBLICACIÓN, DISTRIBUCIÓN, ETC.
Lugar de publicación, distribución, etc. Barcelona :
Nombre del editor, distribuidor, etc. Salvat,
Fecha de publicación, distribución, etc. [1971]
300 ## - DESCRIPCIÓN FÍSICA
Extensión XI, 623 p. :
Otras características físicas il. ;
Dimensiones 26 cm.
700 1# - ENTRADA AGREGADA--NOMBRE PERSONAL
Nombre de persona Gallart Catalá, A.
9 (RLIN) 53510
700 1# - ENTRADA AGREGADA--NOMBRE PERSONAL
Nombre de persona Gamissans Olivé, Oriol.
9 (RLIN) 53798
852 ## - LOCALIZACIÓN
Ubicación ES-MaACL
Número de control de estantería C-37321
Sublocalización o colección R.77081
Holdings
Estatus retirado Estado de pérdida Estado de daño No para préstamo Biblioteca de origen Biblioteca actual Ubicación en estantería Fecha de adquisición Fuente de adquisición Total de préstamos Signatura topográfica completa Código de barras Visto por última vez Precio de reemplazo Tipo de ítem Koha
        Biblioteca del Ateneo de Madrid Biblioteca del Ateneo de Madrid Depósito 2 17/01/2008     C-37321 1085045 23/02/2023 23/02/2023 Libro impreso